The oxford companion to politics the world

Sparad:
Bibliografiska uppgifter
Huvudupphovsman: Krieger, Joel (Författare, medförfattare)
Materialtyp: Bok
Språk:engelska
Publicerad: Nueva York Oxford University Press 1993
Ämnen:
Taggar: Lägg till en tagg
Inga taggar, Lägg till första taggen!

MARC

LEADER 00000nam a2200000 a 4500
001 UCZ8386
003 CL-VaPUC
008 960119e19930000US |||||||||||||||||eng|d
082 0 4 |a 320.03  |b KRI  |2 21 
100 |a Krieger, Joel  |e author  |9 600564 
245 1 4 |a The oxford companion to politics the world 
300 |a 1056 p 
942 |c BK 
945 |d 19960119 00:00:00  |a mcarcey 
260 |a Nueva York  |b Oxford University Press  |c 1993 
650 0 |a Ciencias Políticas  |9 255201 
650 0 |a Enciclopedias  |9 264135 
650 0 |a Política  |9 255312 
583 |a last modification  |c 19960119 00:00:00  |k Rodrigo Vera 
999 |c 244307  |d 244305 
952 |0 0  |1 0  |4 0  |6 320_030000000000000_KRI_1993  |7 0  |8 A  |9 258315  |a BIBHIS  |b BIBHIS  |d 2019-11-19  |i 317199K  |o 320.03 KRI 1993  |p 317199K  |r 2025-01-20  |w 2019-11-19  |y BK  |k HIS